[Event "EYCC 2024 - G12"]
[Site "?"]
[Date "2024.08.28"]
[Round "6.1"]
[White "Hangyal, Anna"]
[Black "Matskevich, Varvara"]
[Result "0-1"]
[BlackElo "1956"]
[WhiteElo "1853"]
[LiveChessVersion "1.4.8"]

1. e4 {[%clk 1:30:57]} c5 {[%clk 1:28:26]} 2. Nf3 {[%clk 1:31:19]} d6
{[%clk 1:28:45]} 3. d4 {[%clk 1:31:38]} cxd4 {[%clk 1:29:08]} 4. Nxd4
{[%clk 1:32:01]} Nf6 {[%clk 1:29:26]} 5. Nc3 {[%clk 1:32:23]} a6 {[%clk 1:29:45]}
6. Be2 {[%clk 1:32:46]} e5 {[%clk 1:29:52]} 7. Nb3 {[%clk 1:32:40]} Be7
{[%clk 1:29:52]} 8. Be3 {[%clk 1:28:27]} Be6 {[%clk 1:28:12]} 9. O-O
{[%clk 1:28:07]} O-O {[%clk 1:27:23]} 10. Nd5 {[%clk 1:05:04]} Bxd5
{[%clk 1:17:31]} 11. exd5 {[%clk 1:05:22]} Nbd7 {[%clk 1:17:25]} 12. c4
{[%clk 1:03:33]} Rc8 {[%clk 1:14:30]} 13. Rc1 {[%clk 1:01:12]} Qc7
{[%clk 0:58:45]} 14. Nd2 {[%clk 0:51:27]} Qa5 {[%clk 0:55:08]} 15. a3
{[%clk 0:40:41]} Rfe8 {[%clk 0:42:16]} 16. Rc3 {[%clk 0:35:57]} Qd8
{[%clk 0:37:46]} 17. Qc1 {[%clk 0:24:36]} Qc7 {[%clk 0:31:13]} 18. Rd1
{[%clk 0:23:35]} Qb8 {[%clk 0:29:42]} 19. b4 {[%clk 0:20:48]} Qc7
{[%clk 0:25:06]} 20. Nb3 {[%clk 0:18:13]} b5 {[%clk 0:20:25]} 21. f3
{[%clk 0:14:15]} Bf8 {[%clk 0:16:35]} 22. Rd2 {[%clk 0:08:09]} e4
{[%clk 0:11:21]} 23. Rdc2 {[%clk 0:04:31]} Qb8 {[%clk 0:11:14]} 24. Qd2
{[%clk 0:02:21]} exf3 {[%clk 0:10:07]} 25. Bxf3 {[%clk 0:02:39]} Ne5
{[%clk 0:10:30]} 26. cxb5 {[%clk 0:00:58]} Rxc3 {[%clk 0:09:58]} 27. Rxc3
{[%clk 0:00:38]} Nxf3+ {[%clk 0:10:09]} 28. gxf3 {[%clk 0:00:56]} axb5
{[%clk 0:09:55]} 29. Bf4 {[%clk 0:00:39]} Qa8 {[%clk 0:09:58]} 30. Rd3
{[%clk 0:00:34]} Qxa3 {[%clk 0:09:41]} 31. Kf2 {[%clk 0:00:36]} Qa7+
{[%clk 0:09:17]} 32. Be3 {[%clk 0:00:45]} Qd7 {[%clk 0:09:26]} 33. Kg2
{[%clk 0:00:35]} Qf5 {[%clk 0:09:22]} 34. Bf2 {[%clk 0:00:49]} Re5
{[%clk 0:09:18]} 35. Bg3 {[%clk 0:00:37]} Rxd5 {[%clk 0:09:20]} 36. Rxd5
{[%clk 0:00:41]} Qxd5 {[%clk 0:09:35]} 37. Qxd5 {[%clk 0:00:50]} Nxd5
{[%clk 0:10:00]} 38. Nd4 {[%clk 0:01:06]} Nxb4 {[%clk 0:09:34]} 39. Nxb5
{[%clk 0:01:34]} d5 {[%clk 0:09:57]} 40. Kf1 {[%clk 0:01:47]} Bc5
{[%clk 0:10:04]} 41. Ke2 {[%clk 0:01:46]} f5 {[%clk 0:09:48]} 42. Be1
{[%clk 0:01:47]} Kf7 {[%clk 0:09:47]} 43. Bxb4 {[%clk 0:00:49]} Bxb4
{[%clk 0:10:10]} 44. Nc7 {[%clk 0:01:12]} d4 {[%clk 0:10:30]} 45. Kd3
{[%clk 0:01:30]} Bd6 {[%clk 0:10:06]} 46. Nb5 {[%clk 0:01:30]} Bxh2
{[%clk 0:10:31]} 47. Nxd4 {[%clk 0:01:51]} Kf6 {[%clk 0:10:52]} 48. Ne2
{[%clk 0:01:35]} g5 {[%clk 0:11:12]} 49. Ke3 {[%clk 0:01:44]} h5 {[%clk 0:11:19]}
50. Kf2 {[%clk 0:01:41]} Ke5 {[%clk 0:11:14]} 51. Kg2 {[%clk 0:01:23]} Bf4
{[%clk 0:11:37]} 52. Kh3 {[%clk 0:01:23]} Kd5 {[%clk 0:10:48]} 0-1

[Event "EYCC 2024 - G12"]
[Site "?"]
[Date "2024.08.28"]
[Round "6.2"]
[White "Lampou, Marianta"]
[Black "Ejsymont, Blanka"]
[Result "1-0"]
[BlackElo "1861"]
[WhiteElo "1777"]
[LiveChessVersion "1.4.8"]

1. e4 {[%clk 1:30:57]} c5 {[%clk 1:30:52]} 2. Nf3 {[%clk 1:31:20]} d6
{[%clk 1:31:17]} 3. d4 {[%clk 1:31:45]} cxd4 {[%clk 1:31:42]} 4. Nxd4
{[%clk 1:32:07]} Nf6 {[%clk 1:32:07]} 5. Nc3 {[%clk 1:32:25]} a6 {[%clk 1:32:30]}
6. f3 {[%clk 1:32:46]} e5 {[%clk 1:32:55]} 7. Nb3 {[%clk 1:33:09]} Be6
{[%clk 1:33:06]} 8. Be3 {[%clk 1:33:31]} h5 {[%clk 1:33:31]} 9. Nd5
{[%clk 1:33:40]} Bxd5 {[%clk 1:33:40]} 10. exd5 {[%clk 1:34:03]} Nbd7
{[%clk 1:33:31]} 11. Qd2 {[%clk 1:27:14]} g6 {[%clk 1:27:09]} 12. O-O-O
{[%clk 1:27:03]} Nb6 {[%clk 1:26:08]} 13. Qa5 {[%clk 1:23:58]} Bh6
{[%clk 1:24:37]} 14. Bxh6 {[%clk 1:23:57]} Rxh6 {[%clk 1:24:51]} 15. Qb4
{[%clk 1:17:29]} Nfxd5 {[%clk 1:12:29]} 16. Rxd5 {[%clk 1:16:59]} Nxd5
{[%clk 0:59:53]} 17. Qd2 {[%clk 1:15:37]} Nf4 {[%clk 0:47:21]} 18. g3
{[%clk 1:13:57]} g5 {[%clk 0:44:05]} 19. gxf4 {[%clk 1:13:54]} gxf4
{[%clk 0:43:46]} 20. Rg1 {[%clk 1:07:07]} Kf8 {[%clk 0:26:24]} 21. Bc4
{[%clk 0:57:41]} Qb6 {[%clk 0:20:34]} 22. Rd1 {[%clk 0:46:16]} Rg6
{[%clk 0:18:45]} 23. Qd5 {[%clk 0:42:52]} Qc7 {[%clk 0:15:27]} 24. Qe4
{[%clk 0:26:48]} a5 {[%clk 0:12:38]} 25. a3 {[%clk 0:22:15]} Qc6 {[%clk 0:07:26]}
26. Bd5 {[%clk 0:19:16]} Qb6 {[%clk 0:04:50]} 27. Qf5 {[%clk 0:17:16]} Qc7
{[%clk 0:02:57]} 28. Qxh5 {[%clk 0:16:24]} Kg7 {[%clk 0:03:19]} 29. Be4
{[%clk 0:15:18]} Rh8 {[%clk 0:01:00]} 30. Bxg6 {[%clk 0:14:02]} Rxh5
{[%clk 0:01:16]} 31. Bxh5 {[%clk 0:14:28]} a4 {[%clk 0:00:36]} 32. Nd2
{[%clk 0:13:32]} f5 {[%clk 0:00:34]} 33. Be8 {[%clk 0:12:48]} d5 {[%clk 0:00:45]}
34. Bxa4 {[%clk 0:12:26]} e4 {[%clk 0:00:35]} 35. fxe4 {[%clk 0:11:53]} fxe4
{[%clk 0:00:34]} 36. Nxe4 {[%clk 0:10:10]} Qc4 {[%clk 0:00:33]} 37. Nc3
{[%clk 0:10:21]} d4 {[%clk 0:00:35]} 38. Bb3 {[%clk 0:10:38]} Qc5
{[%clk 0:00:35]} 39. Ne2 {[%clk 0:10:34]} f3 {[%clk 0:00:35]} 40. Nxd4
{[%clk 0:10:30]} f2 {[%clk 0:00:41]} 41. Ne6+ {[%clk 0:10:45]} Kf6
{[%clk 0:00:35]} 42. Nxc5 {[%clk 0:11:05]} b6 {[%clk 0:01:00]} 43. Ne4+
{[%clk 0:11:28]} Ke5 {[%clk 0:01:27]} 44. Nxf2 {[%clk 0:11:53]} Kf4
{[%clk 0:01:54]} 45. h4 {[%clk 0:11:53]} Kg3 {[%clk 0:02:21]} 46. h5
{[%clk 0:12:19]} Kxf2 {[%clk 0:02:46]} 47. h6 {[%clk 0:12:47]} Ke2
{[%clk 0:03:09]} 48. h7 {[%clk 0:13:12]} b5 {[%clk 0:03:36]} 49. h8=Q
{[%clk 0:13:28]} b4 {[%clk 0:04:04]} 50. Qe8+ {[%clk 0:13:50]} Kf2
{[%clk 0:04:32]} 51. Rd7 {[%clk 0:14:08]} bxa3 {[%clk 0:04:58]} 52. Rf7+
{[%clk 0:14:29]} Kg2 {[%clk 0:05:23]} 53. Qg8+ {[%clk 0:14:53]} Kh2
{[%clk 0:05:48]} 54. Rh7# {[%clk 0:15:17]} 1-0

[Event "EYCC 2024 - G12"]
[Site "?"]
[Date "2024.08.28"]
[Round "6.3"]
[White "Kaminska, Zuzanna"]
[Black "Oksanen, Maria"]
[Result "1-0"]
[BlackElo "1711"]
[WhiteElo "1848"]
[LiveChessVersion "1.4.8"]

1. e4 {[%clk 1:30:57]} c5 {[%clk 1:30:50]} 2. Nf3 {[%clk 1:31:19]} d6
{[%clk 1:31:11]} 3. Bb5+ {[%clk 1:31:25]} Bd7 {[%clk 1:31:06]} 4. a4
{[%clk 1:31:38]} Nf6 {[%clk 1:31:09]} 5. Bxd7+ {[%clk 1:18:35]} Qxd7
{[%clk 1:30:30]} 6. Qe2 {[%clk 1:18:13]} Nc6 {[%clk 1:27:24]} 7. c3
{[%clk 1:16:04]} Qg4 {[%clk 1:21:32]} 8. d3 {[%clk 1:11:27]} Qxg2
{[%clk 1:20:09]} 9. Rg1 {[%clk 1:11:43]} Qh3 {[%clk 1:20:29]} 10. d4
{[%clk 1:05:08]} cxd4 {[%clk 1:11:14]} 11. cxd4 {[%clk 1:03:43]} Nb4
{[%clk 1:04:40]} 12. Ra3 {[%clk 0:39:17]} Qc8 {[%clk 1:01:54]} 13. Nc3
{[%clk 0:32:38]} Qc6 {[%clk 0:57:58]} 14. d5 {[%clk 0:25:59]} Qa6
{[%clk 0:57:30]} 15. Nb5 {[%clk 0:21:47]} Qa5 {[%clk 0:52:27]} 16. Bd2
{[%clk 0:10:51]} a6 {[%clk 0:50:04]} 17. Nbd4 {[%clk 0:07:13]} Qb6
{[%clk 0:49:59]} 18. Qc4 {[%clk 0:06:17]} a5 {[%clk 0:47:35]} 19. Nb5
{[%clk 0:05:46]} Na6 {[%clk 0:47:39]} 20. Be3 {[%clk 0:05:05]} Qd8
{[%clk 0:47:35]} 21. Rc3 {[%clk 0:05:03]} Nd7 {[%clk 0:42:57]} 22. e5
{[%clk 0:03:44]} Nxe5 {[%clk 0:41:18]} 23. Nxe5 {[%clk 0:03:46]} dxe5
{[%clk 0:41:41]} 24. Rg5 {[%clk 0:02:21]} e6 {[%clk 0:40:12]} 25. dxe6
{[%clk 0:00:48]} Bb4 {[%clk 0:40:03]} 26. exf7+ {[%clk 0:00:36]} Kf8
{[%clk 0:40:19]} 27. Rxe5 {[%clk 0:00:46]} Qf6 {[%clk 0:39:10]} 28. Re8+
{[%clk 0:00:36]} Rxe8 {[%clk 0:39:29]} 29. fxe8=Q+ {[%clk 0:00:58]} Kxe8
{[%clk 0:39:54]} 30. Qc8+ {[%clk 0:01:02]} Qd8 {[%clk 0:39:13]} 31. Qxb7
{[%clk 0:01:22]} Nb8 {[%clk 0:38:48]} 32. Qxg7 {[%clk 0:00:36]} Na6
{[%clk 0:29:26]} 33. Qxh8+ {[%clk 0:00:53]} Kd7 {[%clk 0:29:39]} 34. Qxh7+
{[%clk 0:00:46]} Qe7 {[%clk 0:30:02]} 35. Qxe7+ {[%clk 0:00:54]} Kxe7
{[%clk 0:30:20]} 36. Ke2 {[%clk 0:00:57]} Bxc3 {[%clk 0:30:40]} 37. bxc3
{[%clk 0:01:23]} Nb8 {[%clk 0:30:57]} 38. Nd4 {[%clk 0:01:32]} Kd7
{[%clk 0:31:13]} 39. h4 {[%clk 0:01:55]} 1-0

[Event "EYCC 2024 - G12"]
[Site "?"]
[Date "2024.08.28"]
[Round "6.4"]
[White "Bassari, Senem Gul"]
[Black "Jordan, Christina"]
[Result "1-0"]
[BlackElo "1811"]
[WhiteElo "1774"]
[LiveChessVersion "1.4.8"]

1. e4 {[%clk 1:30:38]} c5 {[%clk 1:30:44]} 2. Nf3 {[%clk 1:30:55]} d6
{[%clk 1:31:09]} 3. d4 {[%clk 1:31:17]} cxd4 {[%clk 1:31:31]} 4. Nxd4
{[%clk 1:31:39]} Nf6 {[%clk 1:31:49]} 5. Nc3 {[%clk 1:32:00]} a6 {[%clk 1:32:15]}
6. Be2 {[%clk 1:31:31]} e5 {[%clk 1:32:06]} 7. Nb3 {[%clk 1:31:59]} Be7
{[%clk 1:32:21]} 8. g4 {[%clk 1:31:25]} h6 {[%clk 1:29:26]} 9. Rg1
{[%clk 1:31:33]} b5 {[%clk 1:26:48]} 10. Be3 {[%clk 1:27:56]} Bb7
{[%clk 1:21:32]} 11. Qd3 {[%clk 1:12:27]} b4 {[%clk 1:10:55]} 12. Nd5
{[%clk 1:11:31]} Nxd5 {[%clk 1:10:33]} 13. exd5 {[%clk 1:11:52]} Nd7
{[%clk 1:09:11]} 14. O-O-O {[%clk 1:01:57]} a5 {[%clk 1:05:29]} 15. Kb1
{[%clk 0:34:49]} a4 {[%clk 0:56:53]} 16. Nc1 {[%clk 0:33:41]} Ba6
{[%clk 0:51:42]} 17. Qd2 {[%clk 0:31:33]} Bxe2 {[%clk 0:49:23]} 18. Nxe2
{[%clk 0:30:25]} Rb8 {[%clk 0:46:50]} 19. f4 {[%clk 0:29:12]} b3 {[%clk 0:42:36]}
20. cxb3 {[%clk 0:28:12]} axb3 {[%clk 0:41:41]} 21. a3 {[%clk 0:28:14]} Rc8
{[%clk 0:40:01]} 22. Rc1 {[%clk 0:24:50]} Rxc1+ {[%clk 0:38:19]} 23. Nxc1
{[%clk 0:21:18]} exf4 {[%clk 0:30:23]} 24. Bd4 {[%clk 0:16:55]} O-O
{[%clk 0:23:10]} 25. Qxf4 {[%clk 0:15:18]} Nb6 {[%clk 0:17:46]} 26. Qf3
{[%clk 0:09:04]} Qc7 {[%clk 0:10:54]} 27. Nxb3 {[%clk 0:03:31]} Rb8
{[%clk 0:08:09]} 28. Rc1 {[%clk 0:01:53]} Qd7 {[%clk 0:04:47]} 29. Na5
{[%clk 0:01:15]} Bg5 {[%clk 0:04:37]} 30. Nc6 {[%clk 0:00:54]} Rb7
{[%clk 0:02:53]} 31. Rc2 {[%clk 0:00:47]} Nc8 {[%clk 0:01:23]} 32. Qg3
{[%clk 0:00:38]} Nb6 {[%clk 0:00:53]} 33. h4 {[%clk 0:00:42]} Bd8
{[%clk 0:01:01]} 34. g5 {[%clk 0:00:36]} hxg5 {[%clk 0:01:08]} 35. hxg5
{[%clk 0:00:41]} Nxd5 {[%clk 0:00:55]} 36. Qf3 {[%clk 0:00:36]} Rb5
{[%clk 0:00:52]} 37. Qd3 {[%clk 0:00:45]} Rb7 {[%clk 0:00:58]} 38. Qf3
{[%clk 0:00:41]} Rb5 {[%clk 0:00:54]} 39. Qd3 {[%clk 0:00:58]} Rb7
{[%clk 0:01:20]} 40. Nxd8 {[%clk 0:00:55]} Qxd8 {[%clk 0:01:42]} 41. Rh2
{[%clk 0:00:44]} Qxg5 {[%clk 0:01:33]} 42. Qh7+ {[%clk 0:00:51]} Kf8
{[%clk 0:01:59]} 43. Qh8+ {[%clk 0:01:03]} Ke7 {[%clk 0:02:25]} 44. Re2+
{[%clk 0:01:22]} Kd7 {[%clk 0:02:27]} 45. Qe8+ {[%clk 0:01:43]} Kc7
{[%clk 0:02:50]} 46. Rc2+ {[%clk 0:02:07]} Nc3+ {[%clk 0:02:56]} 47. Rxc3+
{[%clk 0:02:33]} Qc5 {[%clk 0:03:18]} 48. Bxc5 {[%clk 0:02:59]} 1-0

[Event "EYCC 2024 - G12"]
[Site "?"]
[Date "2024.08.28"]
[Round "6.5"]
[White "Alcantara, Levanah"]
[Black "Sahin, Zeynep Duru"]
[Result "0-1"]
[BlackElo "1698"]
[WhiteElo "1807"]
[LiveChessVersion "1.4.8"]

1. d4 {[%clk 1:30:54]} Nf6 {[%clk 1:30:29]} 2. c4 {[%clk 1:30:53]} e6
{[%clk 1:30:49]} 3. Nc3 {[%clk 1:31:08]} Bb4 {[%clk 1:31:07]} 4. Qc2
{[%clk 1:31:15]} O-O {[%clk 1:31:25]} 5. e4 {[%clk 1:31:02]} d5 {[%clk 1:31:33]}
6. e5 {[%clk 1:30:08]} Ne4 {[%clk 1:31:16]} 7. Bd3 {[%clk 1:27:57]} c5
{[%clk 1:30:09]} 8. Nf3 {[%clk 1:26:39]} cxd4 {[%clk 1:27:14]} 9. Nxd4
{[%clk 1:25:59]} Nd7 {[%clk 1:26:14]} 10. Bxe4 {[%clk 1:22:37]} dxe4
{[%clk 1:25:21]} 11. Qxe4 {[%clk 1:22:30]} Qa5 {[%clk 1:23:32]} 12. O-O
{[%clk 1:20:55]} Qxe5 {[%clk 1:19:46]} 13. Qh4 {[%clk 1:18:20]} Bxc3
{[%clk 1:15:42]} 14. bxc3 {[%clk 1:17:35]} b6 {[%clk 1:08:56]} 15. Nb5
{[%clk 1:01:17]} Bb7 {[%clk 1:02:55]} 16. f3 {[%clk 0:54:00]} a6 {[%clk 0:59:58]}
17. Re1 {[%clk 0:50:24]} Qc5+ {[%clk 0:59:02]} 18. Be3 {[%clk 0:50:15]} Qc6
{[%clk 0:58:22]} 19. Na3 {[%clk 0:48:40]} Nc5 {[%clk 0:52:19]} 20. Rad1
{[%clk 0:44:49]} Qa4 {[%clk 0:49:40]} 21. Bh6 {[%clk 0:37:27]} gxh6
{[%clk 0:32:04]} 22. Qxh6 {[%clk 0:34:26]} f6 {[%clk 0:29:36]} 23. Rd4
{[%clk 0:32:45]} Rf7 {[%clk 0:28:55]} 24. Red1 {[%clk 0:29:42]} Qe8
{[%clk 0:18:37]} 25. Nc2 {[%clk 0:27:09]} Qe7 {[%clk 0:14:33]} 26. Ne3
{[%clk 0:24:58]} Rg7 {[%clk 0:13:24]} 27. Ng4 {[%clk 0:21:25]} Rg6
{[%clk 0:12:25]} 28. Qh4 {[%clk 0:21:38]} Re8 {[%clk 0:10:43]} 29. Qh5
{[%clk 0:18:24]} Kh8 {[%clk 0:07:33]} 30. Rd6 {[%clk 0:17:07]} Qg7
{[%clk 0:05:48]} 31. Rxb6 {[%clk 0:16:18]} f5 {[%clk 0:05:42]} 32. Ne3
{[%clk 0:12:35]} Qxc3 {[%clk 0:05:02]} 33. Ng4 {[%clk 0:10:38]} Bxf3
{[%clk 0:02:49]} 34. Rb3 {[%clk 0:05:51]} Nxb3 {[%clk 0:02:44]} 35. gxf3
{[%clk 0:05:38]} Qxf3 0-1

[Event "EYCC 2024 - G12"]
[Site "?"]
[Date "2024.08.28"]
[Round "6.6"]
[White "Levchenko, Alisa"]
[Black "Sunea, Sara Maria"]
[Result "1-0"]
[BlackElo "1871"]
[WhiteElo "1637"]
[LiveChessVersion "1.4.8"]

1. d4 {[%clk 1:30:55]} d5 {[%clk 1:30:48]} 2. c4 {[%clk 1:31:14]} e6
{[%clk 1:31:13]} 3. Nf3 {[%clk 1:31:38]} a6 {[%clk 1:31:32]} 4. g3
{[%clk 1:31:23]} dxc4 {[%clk 1:31:55]} 5. Bg2 {[%clk 1:31:46]} Nc6
{[%clk 1:32:20]} 6. O-O {[%clk 1:24:09]} Rb8 {[%clk 1:32:42]} 7. Ne5
{[%clk 1:20:43]} Nxe5 {[%clk 1:18:13]} 8. dxe5 {[%clk 1:20:32]} Qxd1
{[%clk 1:17:34]} 9. Rxd1 {[%clk 1:20:56]} Bc5 {[%clk 1:16:27]} 10. Nd2
{[%clk 1:18:06]} b5 {[%clk 1:04:42]} 11. Bc6+ {[%clk 1:13:06]} Ke7
{[%clk 0:59:17]} 12. Ne4 {[%clk 1:09:54]} Bb6 {[%clk 0:44:53]} 13. Bd2
{[%clk 0:59:51]} a5 {[%clk 0:34:52]} 14. a4 {[%clk 0:36:39]} b4 {[%clk 0:30:25]}
15. Rac1 {[%clk 0:36:15]} Ba6 {[%clk 0:22:59]} 16. Bg5+ {[%clk 0:26:11]} Kf8
{[%clk 0:20:00]} 17. Rd7 {[%clk 0:24:37]} h6 {[%clk 0:14:44]} 18. Rcd1
{[%clk 0:21:51]} g6 {[%clk 0:13:13]} 19. Bf6 {[%clk 0:12:47]} Nxf6
{[%clk 0:12:52]} 20. exf6 {[%clk 0:12:29]} Kg8 {[%clk 0:11:31]} 21. Re7
{[%clk 0:09:29]} Rf8 {[%clk 0:07:24]} 22. Be8 {[%clk 0:08:48]} Bb7
{[%clk 0:05:02]} 23. Bxf7+ {[%clk 0:06:33]} 1-0

[Event "EYCC 2024 - G12"]
[Site "?"]
[Date "2024.08.28"]
[Round "6.7"]
[White "Pehlivanova, Aleksandra"]
[Black "Lackova, Lucie"]
[Result "1-0"]
[BlackElo "1605"]
[WhiteElo "1793"]
[LiveChessVersion "1.4.8"]

1. Nf3 {[%clk 1:30:54]} d5 {[%clk 1:30:53]} 2. c4 {[%clk 1:31:20]} d4
{[%clk 1:31:19]} 3. b4 {[%clk 1:31:46]} f6 {[%clk 1:31:44]} 4. e3
{[%clk 1:32:00]} e5 {[%clk 1:32:06]} 5. c5 {[%clk 1:32:26]} a5 {[%clk 1:32:24]}
6. Bc4 {[%clk 1:25:28]} axb4 {[%clk 1:22:27]} 7. Nxe5 {[%clk 1:06:28]} fxe5
{[%clk 0:52:52]} 8. Qh5+ {[%clk 1:06:44]} g6 {[%clk 0:49:07]} 9. Qxe5+ Qe7
{[%clk 0:49:04]} 10. Qxh8 {[%clk 1:05:46]} Nf6 {[%clk 0:49:14]} 11. d3
{[%clk 0:51:48]} Nc6 {[%clk 0:42:32]} 12. e4 {[%clk 0:50:34]} Ne5
{[%clk 0:25:52]} 13. Bg5 {[%clk 0:44:01]} Ned7 {[%clk 0:24:59]} 14. O-O
{[%clk 0:42:39]} h6 {[%clk 0:17:09]} 15. Bxh6 {[%clk 0:40:16]} Ng4
{[%clk 0:14:59]} 16. Bxf8 {[%clk 0:39:51]} Nxf8 {[%clk 0:15:15]} 17. Nd2
{[%clk 0:38:02]} Be6 {[%clk 0:12:40]} 18. Bxe6 {[%clk 0:37:17]} Qxe6
{[%clk 0:12:59]} 19. Nc4 {[%clk 0:33:48]} Nf6 {[%clk 0:10:05]} 20. Qh6
{[%clk 0:31:17]} Qe7 {[%clk 0:07:25]} 21. Qg5 {[%clk 0:31:12]} Qg7
{[%clk 0:06:40]} 22. Qe5+ {[%clk 0:31:13]} Kd7 {[%clk 0:05:52]} 23. Qxd4+
{[%clk 0:31:33]} Ke7 {[%clk 0:05:41]} 24. Qe5+ {[%clk 0:31:20]} Kd7
{[%clk 0:05:41]} 25. Qg3 {[%clk 0:31:33]} Nh5 {[%clk 0:04:15]} 26. Qg4+
{[%clk 0:31:45]} Kc6 {[%clk 0:04:08]} 27. Nd2 {[%clk 0:30:53]} Rd8
{[%clk 0:03:49]} 28. Nb3 {[%clk 0:30:43]} b6 {[%clk 0:03:02]} 29. d4
{[%clk 0:30:56]} Kb7 {[%clk 0:03:14]} 30. Rac1 {[%clk 0:31:17]} Nf6
{[%clk 0:03:04]} 31. c6+ {[%clk 0:31:36]} Kb8 {[%clk 0:03:10]} 32. Qe2
{[%clk 0:32:00]} Ka7 {[%clk 0:03:24]} 33. e5 {[%clk 0:31:47]} Nd5
{[%clk 0:03:17]} 34. Qb5 {[%clk 0:31:30]} Nc3 {[%clk 0:01:55]} 35. Rxc3
{[%clk 0:31:42]} bxc3 {[%clk 0:02:18]} 36. Qa4+ {[%clk 0:32:10]} Kb8
{[%clk 0:02:40]} 37. Qa6 {[%clk 0:32:36]} Ne6 {[%clk 0:02:59]} 38. Qb7#
{[%clk 0:33:01]} 1-0

[Event "EYCC 2024 - G12"]
[Site "?"]
[Date "2024.08.28"]
[Round "6.8"]
[White "Harutyunyan, Gabriela"]
[Black "Owczarek, Hanna"]
[Result "1/2-1/2"]
[BlackElo "1742"]
[WhiteElo "1565"]
[LiveChessVersion "1.4.8"]

1. e4 {[%clk 1:30:27]} c5 {[%clk 1:30:52]} 2. Nc3 {[%clk 1:30:36]} Nc6
{[%clk 1:31:14]} 3. Nf3 {[%clk 1:30:49]} g6 {[%clk 1:30:31]} 4. Bb5
{[%clk 1:30:50]} Bg7 {[%clk 1:29:24]} 5. O-O {[%clk 1:30:54]} d6 {[%clk 1:24:16]}
6. Bxc6+ {[%clk 1:30:41]} bxc6 {[%clk 1:24:37]} 7. d3 {[%clk 1:31:09]} Nf6
{[%clk 1:22:14]} 8. h3 {[%clk 1:31:13]} O-O {[%clk 1:20:47]} 9. Be3
{[%clk 1:31:15]} Bb7 {[%clk 1:17:32]} 10. Qd2 {[%clk 1:30:13]} Nd7
{[%clk 1:14:33]} 11. Bh6 {[%clk 1:29:30]} e5 {[%clk 1:12:25]} 12. Nh2
{[%clk 1:26:38]} f5 {[%clk 1:03:26]} 13. Bxg7 {[%clk 1:26:27]} Kxg7
{[%clk 1:03:49]} 14. f4 {[%clk 1:26:27]} Kh8 {[%clk 0:54:27]} 15. Ne2
{[%clk 1:23:37]} Qe7 {[%clk 0:50:52]} 16. Rae1 {[%clk 1:20:58]} fxe4
{[%clk 0:46:51]} 17. dxe4 {[%clk 1:20:48]} Ba6 {[%clk 0:46:48]} 18. Qc3
{[%clk 1:07:11]} Qg7 {[%clk 0:44:50]} 19. Qd2 {[%clk 1:01:07]} Qe7
{[%clk 0:43:34]} 20. fxe5 {[%clk 0:56:09]} Nxe5 {[%clk 0:42:15]} 21. Rxf8+
{[%clk 0:54:05]} Rxf8 {[%clk 0:42:34]} 22. b3 {[%clk 0:51:48]} Bxe2
{[%clk 0:36:43]} 23. Qxe2 {[%clk 0:51:45]} Kg7 {[%clk 0:35:31]} 24. Qd2
{[%clk 0:49:22]} h5 {[%clk 0:31:07]} 25. Qc3 {[%clk 0:47:01]} Kh7
{[%clk 0:28:49]} 26. Qe3 {[%clk 0:45:58]} Rf7 {[%clk 0:24:58]} 27. a3
{[%clk 0:42:35]} Qe6 {[%clk 0:21:08]} 28. Rd1 {[%clk 0:40:35]} Re7
{[%clk 0:15:12]} 29. Nf1 {[%clk 0:38:08]} c4 {[%clk 0:06:23]} 30. Ng3
{[%clk 0:33:09]} cxb3 {[%clk 0:04:27]} 31. cxb3 {[%clk 0:33:24]} Rb7
{[%clk 0:04:40]} 32. b4 {[%clk 0:32:36]} Nf7 {[%clk 0:03:29]} 33. Ne2
{[%clk 0:32:28]} Re7 {[%clk 0:03:30]} 34. Nd4 {[%clk 0:32:32]} Qd7
{[%clk 0:02:34]} 35. Qf2 {[%clk 0:29:46]} c5 {[%clk 0:01:39]} 36. Nb3
{[%clk 0:29:13]} cxb4 {[%clk 0:01:43]} 37. axb4 {[%clk 0:29:30]} Qa4
{[%clk 0:01:36]} 38. Rb1 {[%clk 0:27:15]} Qxb4 {[%clk 0:01:47]} 39. Nd2
{[%clk 0:25:03]} Qc5 {[%clk 0:01:24]} 40. Qxc5 {[%clk 0:25:27]} dxc5
{[%clk 0:01:50]} 41. Rc1 {[%clk 0:25:49]} Rc7 {[%clk 0:01:14]} 42. Nc4
{[%clk 0:26:08]} Re7 {[%clk 0:01:10]} 43. Nd2 {[%clk 0:26:15]} Rc7
{[%clk 0:01:22]} 44. Nc4 {[%clk 0:26:39]} Re7 {[%clk 0:01:04]} 45. Nd2
{[%clk 0:27:02]} Rc7 {[%clk 0:00:47]} 1/2-1/2

[Event "EYCC 2024 - G12"]
[Site "?"]
[Date "2024.08.28"]
[Round "6.9"]
[White "Savchenko, Iryna"]
[Black "Mataczyna, Aleksandra"]
[Result "1-0"]
[BlackElo "1720"]
[WhiteElo "1453"]
[LiveChessVersion "1.4.8"]

1. Nf3 {[%clk 1:30:58]} Nf6 {[%clk 1:30:51]} 2. g3 {[%clk 1:31:25]} d5
{[%clk 1:30:54]} 3. Bg2 {[%clk 1:31:46]} Bf5 {[%clk 1:30:58]} 4. O-O
{[%clk 1:32:03]} e6 {[%clk 1:31:05]} 5. d3 {[%clk 1:32:15]} Nbd7 {[%clk 1:30:27]}
6. Nbd2 {[%clk 1:32:36]} e5 {[%clk 1:26:10]} 7. Qe1 {[%clk 1:29:34]} Bc5
{[%clk 1:23:43]} 8. e4 {[%clk 1:25:56]} dxe4 {[%clk 1:23:45]} 9. dxe4
{[%clk 1:26:14]} Be6 {[%clk 1:22:32]} 10. Ng5 {[%clk 1:15:51]} Qe7
{[%clk 1:18:29]} 11. Nxe6 {[%clk 1:15:06]} Qxe6 {[%clk 1:17:14]} 12. Nb3
{[%clk 1:13:42]} Bd6 {[%clk 1:14:45]} 13. Qe2 {[%clk 1:10:25]} O-O-O
{[%clk 1:10:44]} 14. Be3 {[%clk 1:10:04]} Kb8 {[%clk 1:07:03]} 15. c4
{[%clk 1:07:28]} c6 {[%clk 1:00:01]} 16. c5 {[%clk 1:06:01]} Bc7 {[%clk 0:59:55]}
17. Nd2 {[%clk 1:06:00]} Rdg8 {[%clk 0:55:30]} 18. b4 {[%clk 1:04:29]} g5
{[%clk 0:52:13]} 19. b5 {[%clk 0:57:45]} h5 20. a4 {[%clk 0:54:25]} h4
{[%clk 0:43:05]} 21. Rfb1 {[%clk 0:52:01]} hxg3 {[%clk 0:38:44]} 22. fxg3
{[%clk 0:51:08]} Kc8 {[%clk 0:33:17]} 23. a5 {[%clk 0:39:34]} Kd8
{[%clk 0:26:04]} 24. b6 {[%clk 0:28:02]} axb6 {[%clk 0:25:23]} 25. a6
{[%clk 0:26:19]} b5 {[%clk 0:17:39]} 26. axb7 {[%clk 0:20:13]} Ke7
{[%clk 0:17:27]} 27. Ra6 {[%clk 0:19:46]} Ng4 {[%clk 0:14:17]} 28. Nf1
{[%clk 0:18:14]} Nxe3 {[%clk 0:11:36]} 29. Nxe3 {[%clk 0:17:40]} Nxc5
{[%clk 0:10:43]} 30. Nf5+ {[%clk 0:03:56]} Kf6 {[%clk 0:09:14]} 31. Qf2
{[%clk 0:04:10]} Nd3 {[%clk 0:04:39]} 32. Qf3 {[%clk 0:04:11]} Qd7
{[%clk 0:02:54]} 33. Rxc6+ {[%clk 0:04:39]} Qxc6 {[%clk 0:02:26]} 34. Nd4+
{[%clk 0:05:07]} Kg7 {[%clk 0:02:07]} 35. Nxc6 {[%clk 0:05:34]} Bb6+
{[%clk 0:02:32]} 36. Kf1 {[%clk 0:05:33]} Bc7 {[%clk 0:00:33]} 37. Qxd3
{[%clk 0:05:47]} Rh6 {[%clk 0:00:50]} 38. Ne7 {[%clk 0:05:38]} Rf6+
{[%clk 0:00:40]} 39. Nf5+ {[%clk 0:05:20]} Kg6 {[%clk 0:01:09]} 40. Rxb5
{[%clk 0:04:59]} Rd8 {[%clk 0:01:25]} 41. Rd5 {[%clk 0:05:07]} Rb8
{[%clk 0:01:46]} 42. Qb3 {[%clk 0:04:46]} Rb6 {[%clk 0:02:08]} 43. Rb5
{[%clk 0:04:51]} R8xb7 {[%clk 0:02:22]} 44. Rxb6+ {[%clk 0:04:28]} Rxb6
{[%clk 0:02:48]} 45. Ne7+ {[%clk 0:04:38]} Kg7 {[%clk 0:02:59]} 46. Qc3
{[%clk 0:04:42]} Rb1+ {[%clk 0:03:06]} 47. Ke2 {[%clk 0:05:06]} Bd6
{[%clk 0:03:30]} 48. Nf5+ {[%clk 0:05:34]} 1-0